[Event "Heusenstamm Sparkassen op-B 5th"]
[Site "Heusenstamm"]
[Date "2018.11.24"]
[Round "5"]
[White "Schwab, Tizian"]
[Black "Jansen, Nora"]
[Result "1-0"]
[WhiteElo "1318"]
[BlackElo "1433"]
[PlyCount "113"]
[EventDate "2018.11.22"]
[EventType "swiss"]
[EventRounds "7"]
[EventCountry "GER"]
[SourceTitle "CBM 187 Extra"]
[Source "ChessBase"]
[SourceDate "2018.11.04"]
[SourceVersion "1"]
[SourceVersionDate "2018.11.04"]
[SourceQuality "1"]

1. e4 e6 2. d4 d5 3. e5 c5 4. c3 Nc6 5. Nf3 Bd7 6. Be2 cxd4 7. cxd4 Bb4+ 8. Bd2 Nge7 9. 0-0 0-0 10. Be3 Rc8 11. a3 Ba5 12. b4 Bb6 13. Qd2 Nf5 14. Nc3 Nce7 15. Rac1 Nxe3 16. fxe3 a6 17. Bd3 Nf5 18. Qf2 Rc7 19. Ne2 g5 20. Ng3 f6 21. Nxf5 exf5 22. exf6 Qxf6 23. Qg3 Rxc1 24. Rxc1 f4 25. exf4 Bxd4+ 26. Nxd4 Qxd4+ 27. Kh1 Qxf4 28. Qxf4 Rxf4 29. Rd1 Bc6 30. Kg1 Kg7 31. Re1 Kf6 32. Bxh7 Rd4 33. Kf2 Rd2+ 34. Re2 Rxe2+ 35. Kxe2 Ke5 36. Kd3 d4 37. g3 Bb5+ 38. Kd2 Bc6 39. Kd3 Bb5+ 40. Kd2 Kd5 41. h4 gxh4 42. gxh4 Ke5 43. h5 Kf6 44. Bd3 Kg5 45. Bxb5 axb5 46. Kd3 Kxh5 47. Kxd4 b6 48. Kd5 Kg5 49. Kc6 Kf6 50. Kxb6 Ke7 51. Kxb5 Kd7 52. Kb6 Kc8 53. Kc6 Kb8 54. Kb6 Ka8 55. Kc7 Ka7 56. b5 Ka8 57. a4 1-0

[Event "Heusenstamm Sparkassen op-B 5th"]
[Site "Heusenstamm"]
[Date "2018.11.23"]
[Round "2"]
[White "Buchholz, Maja Patricia"]
[Black "Schwab, Tizian"]
[Result "1-0"]
[WhiteElo "1327"]
[BlackElo "1318"]
[PlyCount "95"]
[EventDate "2018.11.22"]
[EventType "swiss"]
[EventRounds "7"]
[EventCountry "GER"]
[SourceTitle "CBM 187 Extra"]
[Source "ChessBase"]
[SourceDate "2018.11.04"]
[SourceVersion "1"]
[SourceVersionDate "2018.11.04"]
[SourceQuality "1"]

1. c4 e5 2. Nc3 Nf6 3. g3 Be7 4. Bg2 0-0 5. d3 d6 6. Nf3 Nc6 7. 0-0 Be6 8. a3 a5 9. Rb1 Qd7 10. Re1 d5 11. Ng5 dxc4 12. Nxe6 Qxe6 13. dxc4 Qxc4 14. Qc2 Nd4 15. Qd1 Rfd8 16. e3 Nc6 17. Qe2 Qxe2 18. Rxe2 Rab8 19. Nb5 Bd6 20. Bd2 Ne7 21. Bxa5 b6 22. Bc3 Ned5 23. Bd2 c5 24. Rd1 Bf8 25. Bc1 Ne7 26. Red2 Rxd2 27. Rxd2 Ng6 28. b3 Rc8 29. Rc2 Rd8 30. Bd2 Rd3 31. b4 cxb4 32. axb4 Rb3 33. Rc8 Rb1+ 34. Bf1 Nd5 35. Nc3 Nxc3 36. Bxc3 f6 37. Kg2 Rc1 38. Bc4+ Kh8 39. Bf7 Rxc3 40. Rxc3 Bxb4 41. Rc8+ Nf8 42. Kf1 Bc5 43. h4 g6 44. Bd5 Kg7 45. Rc7+ Kh6 46. g4 f5 47. Bf3 e4 48. g5# 1-0